000 01572cam a2200397 i 4500
001 14403016
003 EG-ScBUE
005 20260503094005.0
008 060606t2007 nyua f 001 0 eng d
020 _a1846285607 (pbk.)
020 _a9781846285608 (pbk.)
035 _a(CStRLIN)CUBGGLAD152150566-B
040 _aUKM
_beng
_erda
_cUKM
_dBAKER
_dYDXCP
_dOHX
_dCUY
_dDLC
_dEG-ScBUE
082 0 4 _a510.2433
_222
_bMAV
100 1 _aMavron, Vassilis C.,
_eauthor.
245 1 0 _aElements of mathematics for economics and finance /
_cVassilis C. Mavron and Timothy N. Phillips.
264 1 _a[New York] :
_bSpringer,
_c[2007]
264 4 _cc2007
300 _ax, 312 pages :
_billustrations ;
_c24 cm
336 _2rdacontent
_atext
_btxt
337 _aunmediated
_2rdamedia
_bn
338 _avolume
_bnc
_2rdacarrier
500 _aIncludes index.
650 7 _aEconomics, Mathematical.
_2BUEsh
650 7 _aBusiness mathematics.
_2BUEsh
650 7 _aEconomics
_xMathematical models.
_2BUEsh
650 7 _aFinance
_xMathematical models.
_2BUEsh
655 _vReading book
700 1 _aPhillips, Timothy N.,
_eauthor.
856 4 2 _3Contributor biographical information
_uhttp://www.loc.gov/catdir/enhancements/fy0818/2006928729-b.html
856 4 2 _3Publisher description
_uhttp://www.loc.gov/catdir/enhancements/fy0818/2006928729-d.html
856 4 1 _3Table of contents only
_uhttp://www.loc.gov/catdir/enhancements/fy0818/2006928729-t.html
942 _2ddc
_cBB
999 _c10633
_d10633